Palabras al silencio / (Record no. 123590)

MARC details
000 -LEADER
campo de control de longitud fija 00579nam a2200205 4500
001 - NÚMERO DE CONTROL
campo de control 123590
003 - IDENTIFICADOR DE NÚMERO DE CONTROL
campo de control ES-MaACL
005 - FECHA Y HORA DE LA ÚLTIMA TRANSACCIÓN
campo de control 20250602063228.0
007 - CAMPO FIJO DE DESCRIPCIÓN FÍSICA--INFORMACIÓN GENERAL
campo de control de longitud fija t|
008 - DATOS DE LONGITUD FIJA--INFORMACIÓN GENERAL
campo de control de longitud fija 070214s1957 sp r ||||1| spa d
100 1# - ENTRADA PRINCIPAL--NOMBRE DE PERSONA
Nombre de persona Rahner, Karl,
Fechas asociadas al nombre 1904-1984
9 (RLIN) 95012
245 10 - MENCIÓN DEL TÍTULO
Título Palabras al silencio /
Mención de responsabilidad, etc. Carlos Rahner.
260 ## - PUBLICACIÓN, DISTRIBUCIÓN, ETC.
Lugar de publicación, distribución, etc. San Sebastián :
Nombre del editor, distribuidor, etc. Dinor,
Fecha de publicación, distribución, etc. 1957.
300 ## - DESCRIPCIÓN FÍSICA
Extensión 105 p. ;
Dimensiones 19 cm.
490 1# - MENCIÓN DE SERIE
Mención de serie Crisma ;
Designación de volumen o secuencia 41
500 ## - NOTA GENERAL
Nota general Traducción del alemán.
830 0# - PUNTO DE ACCESO ADICIONAL DE SERIE-TÍTULO UNIFORME
Título uniforme Crisma ;
Designación de volumen o secuencia 41
9 (RLIN) 218949
852 ## - LOCALIZACIÓN
Ubicación ES-MaACL
Número de control de estantería 1997-F-3
Sublocalización o colección R.40674
Holdings
Estatus retirado Estado de pérdida Estado de daño No para préstamo Colección Biblioteca de origen Biblioteca actual Ubicación en estantería Fecha de adquisición Fuente de adquisición Total de préstamos Signatura topográfica completa Código de barras Visto por última vez Precio de reemplazo Tipo de ítem Koha
        Colección de folletos Biblioteca del Ateneo de Madrid Biblioteca del Ateneo de Madrid Depósito folletos 17/01/2008     1997-F-3 1128766 23/02/2023 23/02/2023 Folleto